Complete the Movie Title #5 - Statistics

General Stats
  • This quiz has been taken 106 times
  • The average score is 10 of 15
Answer Stats
Year Movie % Correct
2010 Despicable {Me}
95%
1996 Mission: {Impossible}
93%
2004 Mean {Girls}
90%
2018 Spider-Man: Into the Spider-{Verse}
90%
2010 How to Train Your {Dragon}
89%
2001 Spirited {Away}
79%
2009 Fantastic Mr. {Fox}
76%
1999 Eyes Wide {Shut}
75%
1988 Rain {Man}
75%
2014 Edge of {Tomorrow}
61%
2008 Tropic {Thunder}
60%
1996 Jerry {Maguire}
56%
2010 Shrek Forever {After}
54%
1999 Office {Space}
34%
2015 The Good {Dinosaur}
22%
No matching quizzes found
Score Distribution
Percent of People with Each Score
Percentile by Number Answered
Your Score History
You have not taken this quiz